[Event "HUN Team League Csongrad Region 2019–2"]
[Site "Csongrád County"]
[Date "2019.10.20"]
[Round "2.1"]
[White "Varga, Gabor"]
[Black "Papp, Balazs"]
[Result "0-1"]
[WhiteElo "1821"]
[BlackElo "2114"]
[PlyCount "56"]
[EventDate "2019.09.29"]
[WhiteTeam "Meritum III."]
[BlackTeam "Maróczy III."]

1. e4 g6 2. d4 Bg7 3. f4 d5 4. e5 Nh6 5. Nf3 c5 6. c3 Nc6 7. Bb5 Qb6 8. Na3 O-O
9. Be3 cxd4 10. Nxd4 a6 11. Ndc2 d4 12. cxd4 Nf5 13. Bxc6 Nxe3 14. Nxe3 Qxb2
15. Nac2 Qc3+ 16. Qd2 Qxc6 17. O-O Rd8 18. Nb4 Qe4 19. d5 f6 20. Rac1 b5 21.
Nc6 Re8 22. e6 f5 23. Rb1 a5 24. g3 Bb7 25. Rbc1 Rac8 26. Nxa5 Bd4 27. Kf2 Bxd5
28. Rfe1 Qg2# 0-1

[Event "HUN Team League Csongrad Region 2019–2"]
[Site "Csongrád County"]
[Date "2019.10.20"]
[Round "2.1"]
[White "Kurucz, Gergely"]
[Black "Bernath, Robert"]
[Result "1-0"]
[WhiteElo "1594"]
[BlackElo "2073"]
[PlyCount "41"]
[EventDate "2019.09.29"]
[WhiteTeam "Meritum III."]
[BlackTeam "Maróczy III."]

1. e4 e5 2. f4 exf4 3. Nf3 Nf6 4. Nc3 d5 5. exd5 Nxd5 6. Bc4 Nxc3 7. bxc3 Bd6
8. Qe2+ Qe7 9. Qxe7+ Bxe7 10. d4 Bd6 11. Ng5 O-O 12. O-O h6 13. Nxf7 Rxf7 14.
Bxf4 Be7 15. Bxc7 Bf6 16. Rae1 Bd7 17. Re7 Bxe7 18. Rxf7 Kh8 19. Rxe7 Ba4 20.
Be5 Bxc2 21. Re8+ 1-0

[Event "HUN Team League Csongrad Region 2019–2"]
[Site "Csongrád County"]
[Date "2019.10.20"]
[Round "2.1"]
[White "Borus, Andras"]
[Black "Filep, Miklos Sr."]
[Result "1-0"]
[WhiteElo "2018"]
[BlackElo "1538"]
[PlyCount "55"]
[EventDate "2019.09.29"]
[WhiteTeam "Maróczy III."]
[BlackTeam "Meritum III."]

1. Nf3 f5 2. g3 Nf6 3. Bg2 e6 4. c4 Be7 5. Nc3 O-O 6. O-O d6 7. Rb1 Nc6 8. a3
Rb8 9. b4 a6 10. d3 Qd7 11. Qb3 Kh8 12. h3 h6 13. b5 axb5 14. cxb5 Na5 15. Qa4
b6 16. e4 fxe4 17. dxe4 e5 18. Rd1 Qe6 19. Nh4 Qf7 20. Be3 Kh7 21. Rbc1 Qc4 22.
Qc2 g5 23. Nf5 Bxf5 24. exf5 c6 25. bxc6 Nxc6 26. Qb1 Nd4 27. Bxd4 exd4 28. Nd5
1-0

[Event "HUN Team League Csongrad Region 2019–2"]
[Site "Csongrád County"]
[Date "2019.10.20"]
[Round "2.1"]
[White "Lauko, Denes"]
[Black "Kocsmar, Akos"]
[Result "0-1"]
[WhiteElo "1464"]
[BlackElo "1916"]
[PlyCount "68"]
[EventDate "2019.09.29"]
[WhiteTeam "Meritum III."]
[BlackTeam "Maróczy III."]

1. e4 c5 2. Nf3 d6 3. d4 cxd4 4. Nxd4 Nf6 5. Nc3 a6 6. Bc4 e6 7. O-O Be7 8. Be3
O-O 9. Re1 b5 10. Bd3 Bb7 11. Qd2 Nbd7 12. Nf3 Qc7 13. Rac1 Rfd8 14. Bf4 e5 15.
Bg5 h6 16. Bh4 Nc5 17. b4 Ne6 18. Bxf6 Bxf6 19. Ne2 d5 20. exd5 Bxd5 21. Nc3
Bxf3 22. gxf3 Bg5 23. Re3 Nd4 24. Kg2 Bxe3 25. fxe3 Ne6 26. Ne4 Rac8 27. Qe2
Qe7 28. a3 f5 29. Ng3 f4 30. c4 fxg3 31. hxg3 Qd6 32. Rc3 Kh8 33. e4 Qd4 34.
Qd2 bxc4 0-1

[Event "HUN Team League Csongrad Region 2019–2"]
[Site "Csongrád County"]
[Date "2019.10.20"]
[Round "2.1"]
[White "Blazsik, Zoltan"]
[Black "Kantor, Robert"]
[Result "0-1"]
[WhiteElo "1663"]
[BlackElo "1455"]
[PlyCount "70"]
[EventDate "2019.09.29"]
[WhiteTeam "Maróczy III."]
[BlackTeam "Meritum III."]

1. e4 e5 2. Nf3 Nf6 3. d3 Nc6 4. c3 d6 5. h3 Be7 6. b4 a6 7. Be3 O-O 8. a4 d5
9. Be2 dxe4 10. dxe4 Qxd1+ 11. Bxd1 Nxe4 12. O-O f6 13. Bb3+ Kh8 14. Rd1 Nd6
15. Bd5 Nd8 16. Na3 c6 17. Bb3 Be6 18. Ba2 Bxa2 19. Rxa2 N8f7 20. Rad2 b5 21.
a5 Ne4 22. Rd7 Nxc3 23. Rxe7 Nxd1 24. Bc5 Nh6 25. Re6 Rfc8 26. Kf1 Nc3 27. Nc2
Nd5 28. g3 Kg8 29. g4 Kf7 30. Rd6 Rc7 31. g5 Nf5 32. Ne3 Ndxe3+ 33. fxe3 Nxd6
34. Bxd6 Rd7 35. Bxe5 fxe5 0-1

[Event "HUN Team League Csongrad Region 2019–2"]
[Site "Csongrád County"]
[Date "2019.10.20"]
[Round "2.1"]
[White "Tamas, Attila"]
[Black "Jojart, Zsolt"]
[Result "0-1"]
[WhiteElo "1308"]
[BlackElo "1656"]
[PlyCount "65"]
[EventDate "2019.09.29"]
[WhiteTeam "Meritum III."]
[BlackTeam "Maróczy III."]

1. e4 e6 2. d4 d5 3. e5 c5 4. c3 Nc6 5. Bb5 Qb6 6. Bxc6+ bxc6 7. Ne2 a5 8. O-O
Ba6 9. Re1 cxd4 10. cxd4 Ne7 11. Qb3 Qa7 12. Be3 Bc4 13. Qc2 Qa6 14. Nc1 Qb6
15. b3 Bb5 16. Nc3 Nf5 17. Nxb5 cxb5 18. Nd3 Ba3 19. g4 Nh4 20. Qd1 O-O 21. f3
f5 22. Bf2 Ng6 23. g5 f4 24. h4 Rf5 25. Kh2 h6 26. Rg1 hxg5 27. hxg5 Kf7 28.
Rg4 Rh8+ 29. Kg2 Qd8 30. Qd2 Rxg5 31. Nxf4 Rxg4+ 32. fxg4 Qg5 33. Qe2 0-1

[Event "HUN Team League Csongrad Region 2019–2"]
[Site "Csongrád County"]
[Date "2019.10.20"]
[Round "2.1"]
[White "Vadkerti, Vince"]
[Black "Kantor, Robert Jr."]
[Result "1-0"]
[WhiteElo "1617"]
[BlackElo "1183"]
[PlyCount "35"]
[EventDate "2019.09.29"]
[WhiteTeam "Maróczy III."]
[BlackTeam "Meritum III."]

1. e4 e5 2. Nf3 Nf6 3. Nxe5 d6 4. Nf3 Nxe4 5. d4 Bg4 6. Bd3 Nf6 7. Nc3 Nbd7 8.
Be3 c5 9. Qe2 Qc7 10. dxc5 Bxf3 11. gxf3 O-O-O 12. O-O-O Nxc5 13. Nb5 Qa5 14.
Bf5+ Kb8 15. Bxc5 dxc5 16. Qe5+ Ka8 17. Nc7+ Kb8 18. Rxd8# 1-0

[Event "HUN Team League Csongrad Region 2019–2"]
[Site "Csongrád County"]
[Date "2019.10.20"]
[Round "2.2"]
[White "Csikos, Mihaly"]
[Black "Restas, Peter"]
[Result "0-1"]
[WhiteElo "2040"]
[BlackElo "2111"]
[PlyCount "168"]
[EventDate "2019.09.29"]
[WhiteTeam "Meritum II."]
[BlackTeam "Makó III."]

1. d4 Nf6 2. c4 e6 3. Nc3 Bb4 4. a3 Bxc3+ 5. bxc3 c5 6. Nf3 O-O 7. Qc2 Qa5 8.
Bd2 d6 9. e3 Nc6 10. Bd3 e5 11. d5 Ne7 12. Nh4 Qa6 13. e4 Ng6 14. Nxg6 fxg6 15.
O-O Nh5 16. a4 Qa5 17. Be2 Nf4 18. Bxf4 Rxf4 19. g3 Rf7 20. f4 Bh3 21. Rf2 Raf8
22. Qd2 exf4 23. gxf4 Qd8 24. Bf1 Bd7 25. Bg2 Qh4 26. Raf1 g5 27. f5 g4 28. a5
Qf6 29. Rf4 h5 30. Qe3 Qe5 31. Qg3 g5 32. R4f2 Qxg3 33. hxg3 Kg7 34. Rb1 Bc8
35. Bf1 Re8 36. Bd3 Kf6 37. Rh2 Rh7 38. Kg2 Rh6 39. Rbh1 Reh8 40. Be2 Ke5 41.
Bd3 h4 42. Kf2 Bd7 43. Ke3 Ba4 44. Be2 Bc2 45. Bd3 Bxd3 46. Kxd3 hxg3 47. Rxh6
Rxh6 48. Rg1 g2 49. Rxg2 Kf4 50. Rf2+ Kg3 51. Ke2 Rf6 52. Kf1 Kh3 53. Kg1 g3
54. Rf3 b6 55. axb6 axb6 56. Rf1 g4 57. Rb1 Rf8 58. Ra1 Re8 59. f6 Rf8 60. Ra7
g2 61. Rh7+ Kg3 62. Rh2 Kf3 63. Rxg2 g3 64. Rb2 Rxf6 65. Rxb6 Kxe4 66. Kg2 Rg6
67. Rb8 Kd3 68. Re8 Kxc4 69. Re6 Rg5 70. Rxd6 Rxd5 71. Rg6 Rd3 72. Rg5 Rxc3 73.
Kf1 Re3 74. Rg8 Kc3 75. Ra8 c4 76. Ra3+ Kd2 77. Ra2+ Kd3 78. Ra1 c3 79. Rd1+
Kc2 80. Rd8 Rd3 81. Re8 Rd2 82. Rc8 g2+ 83. Kg1 Kd3 84. Rd8+ Ke4 0-1

[Event "HUN Team League Csongrad Region 2019–2"]
[Site "Csongrád County"]
[Date "2019.10.20"]
[Round "2.2"]
[White "Balassy, Gabor"]
[Black "Papp, Bence"]
[Result "0-1"]
[WhiteElo "1837"]
[BlackElo "2178"]
[PlyCount "116"]
[EventDate "2019.09.29"]
[WhiteTeam "Makó III."]
[BlackTeam "Meritum II."]

1. d4 Nf6 2. Bf4 c5 3. e3 Qb6 4. Nc3 d6 5. Qd2 cxd4 6. exd4 e6 7. Nf3 Be7 8.
Bd3 Bd7 9. Rb1 Bc6 10. Qe2 Nbd7 11. Be3 Qa5 12. b4 Qh5 13. Nd2 Bxg2 14. Qxh5
Nxh5 15. Rg1 Bh3 16. Nb5 Kf8 17. c4 a6 18. Nc3 Nhf6 19. f3 h5 20. Rg3 Bf5 21.
Bxf5 exf5 22. h4 g6 23. Bg5 Kg7 24. Kf2 Rhe8 25. Rgg1 b5 26. cxb5 Rec8 27. Rgc1
axb5 28. Nxb5 Rxc1 29. Rxc1 Rxa2 30. Nc3 Rb2 31. Rb1 Rc2 32. Ne2 Nd5 33. Bxe7
Rxd2 34. Bxd6 Rxe2+ 35. Kxe2 Nc3+ 36. Kd3 Nxb1 37. b5 Kf6 38. Bb4 Ke6 39. Kc4
Nb6+ 40. Kc5 Nd5 41. b6 Nxb6 42. Kxb6 Kd5 43. Kc7 Kxd4 44. Kd6 Ke3 45. Ke7 Kxf3
46. Kxf7 Kg4 47. Kxg6 f4 48. Be1 f3 49. Kf6 Nc3 50. Ke5 Nd1 51. Ke4 f2 52. Bxf2
Nxf2+ 53. Ke3 Nh3 54. Ke2 Kxh4 55. Kf3 Ng5+ 56. Kg2 Kg4 57. Kh2 h4 58. Kg2 Ne4
0-1

[Event "HUN Team League Csongrad Region 2019–2"]
[Site "Csongrád County"]
[Date "2019.10.20"]
[Round "2.2"]
[White "Farkas, Sandor"]
[Black "Csibor, Andras"]
[Result "0-1"]
[WhiteElo "1895"]
[BlackElo "1790"]
[PlyCount "94"]
[EventDate "2019.09.29"]
[WhiteTeam "Meritum II."]
[BlackTeam "Makó III."]

1. Nf3 d5 2. g3 Nf6 3. Bg2 c5 4. O-O Nc6 5. d3 e5 6. Nbd2 Be7 7. e4 d4 8. a4
O-O 9. Nc4 Qc7 10. h3 Be6 11. Ncd2 a6 12. Ng5 Bd7 13. Re1 b5 14. Nf1 h6 15. Nf3
Qc8 16. Kh2 Nh7 17. Ng1 Nd8 18. axb5 axb5 19. Rxa8 Qxa8 20. f4 f6 21. Qh5 Be8
22. Qg4 Qc6 23. Qe2 Bf7 24. Nf3 Bd6 25. Nh4 Qc7 26. Nf5 exf4 27. Nxd6 fxg3+ 28.
Kg1 Qxd6 29. Qg4 Be6 30. Bf4 Qd7 31. Qxg3 Nf7 32. Ra1 Nhg5 33. Kh2 Rc8 34. h4
Nh7 35. Bf3 Kh8 36. Nd2 g5 37. Rg1 Rg8 38. Nb3 Qc8 39. Bc7 Bxb3 40. cxb3 Qe6
41. Bg4 Qxb3 42. e5 gxh4 43. Qf4 Qxd3 44. e6 Nfg5 45. e7 Re8 46. Bd8 h5 47.
Bxh5 Qh3# 0-1

[Event "HUN Team League Csongrad Region 2019–2"]
[Site "Csongrád County"]
[Date "2019.10.20"]
[Round "2.2"]
[White "Hajnal, Bence"]
[Black "Fridrik, Richard"]
[Result "0-1"]
[WhiteElo "1780"]
[BlackElo "1815"]
[PlyCount "62"]
[EventDate "2019.09.29"]
[WhiteTeam "Makó III."]
[BlackTeam "Meritum II."]

1. b3 d5 2. g3 e5 3. Bb2 Bd6 4. d3 f5 5. e3 Nf6 6. Ne2 Qe7 7. a3 f4 8. h3 fxe3
9. fxe3 Nh5 10. Nbc3 c6 11. Qd2 O-O 12. O-O-O Bxa3 13. g4 Nf6 14. Ng3 b5 15. g5
Nfd7 16. h4 a5 17. Bg2 Nb6 18. Rhf1 Bg4 19. Rxf8+ Qxf8 20. Rf1 Bxb2+ 21. Kxb2
Qb4 22. h5 Na4+ 23. Nxa4 Qxd2 24. Nf5 Bxf5 25. Rxf5 Nd7 26. Bh3 Rf8 27. Nc3
Rxf5 28. Bxf5 Nc5 29. g6 hxg6 30. hxg6 Qxe3 31. Nd1 Qf3 0-1

[Event "HUN Team League Csongrad Region 2019–2"]
[Site "Csongrád County"]
[Date "2019.10.20"]
[Round "2.2"]
[White "Fabian, Istvan"]
[Black "Erdei, Imre"]
[Result "1-0"]
[WhiteElo "1730"]
[BlackElo "1645"]
[PlyCount "103"]
[EventDate "2019.09.29"]
[WhiteTeam "Meritum II."]
[BlackTeam "Makó III."]

1. Nf3 d5 2. c4 Nf6 3. g3 e6 4. Bg2 Bd6 5. O-O O-O 6. b3 Nbd7 7. Bb2 c5 8. e3
Rb8 9. d4 b6 10. Ne5 Bb7 11. Nd2 Qc7 12. f4 dxc4 13. Ndxc4 Bxg2 14. Kxg2 Qb7+
15. Kg1 Bxe5 16. fxe5 Ne4 17. Qg4 f5 18. exf6 Ndxf6 19. Qxe6+ Qf7 20. Qxf7+
Rxf7 21. dxc5 Nxc5 22. Bxf6 Rxf6 23. Rxf6 gxf6 24. Rf1 Kg7 25. Rf5 Rd8 26. Rf2
Ne4 27. Rf4 Nc3 28. Rg4+ Kf7 29. a4 Rd7 30. Kf2 Rd3 31. Rd4 Rxd4 32. exd4 Ke6
33. Ne3 Ne4+ 34. Ke2 f5 35. Kd3 Nf2+ 36. Kc4 Ng4 37. Nxg4 fxg4 38. Kb5 Kd5 39.
Ka6 Kxd4 40. Kxa7 Kc5 41. Kb7 h6 42. Kc7 h5 43. Kb7 b5 44. a5 Kb4 45. a6 Kxb3
46. a7 b4 47. a8=Q Kb2 48. Qh8+ Ka2 49. Qxh5 b3 50. Qxg4 b2 51. Qe2 Ka1 52.
Qxb2+ 1-0

[Event "HUN Team League Csongrad Region 2019–2"]
[Site "Csongrád County"]
[Date "2019.10.20"]
[Round "2.2"]
[White "Szekeres, Mihaly"]
[Black "Kohari, Akos Istvan"]
[Result "1-0"]
[WhiteElo "1662"]
[BlackElo "1353"]
[PlyCount "81"]
[EventDate "2019.09.29"]
[WhiteTeam "Makó III."]
[BlackTeam "Meritum II."]

1. d4 Nf6 2. e3 e6 3. Nf3 d5 4. b3 Nbd7 5. Bb2 Bd6 6. Bd3 O-O 7. O-O c5 8. Nbd2
Qc7 9. c4 Re8 10. cxd5 exd5 11. dxc5 Nxc5 12. Rc1 Qd8 13. Bb1 Bg4 14. Qc2 Nce4
15. Nd4 Rc8 16. Qd3 Re5 17. Rxc8 Bxc8 18. f4 Rh5 19. Nb5 Ng4 20. Nf3 Nxh2 21.
Qd4 Nxf3+ 22. Rxf3 Nf6 23. Nxd6 Qxd6 24. Rg3 Rh6 25. Rg5 Rg6 26. Bxg6 hxg6 27.
Re5 b6 28. e4 Bb7 29. b4 Qd7 30. exd5 Bxd5 31. a3 Qc6 32. Re2 Qb5 33. Qe5 Qd3
34. Qe3 Qd1+ 35. Re1 Qg4 36. Qd2 Bc6 37. Rc1 Ne4 38. Qd8+ Kh7 39. Rxc6 Qxf4 40.
Qd4 f6 41. Rc4 1-0

[Event "HUN Team League Csongrad Region 2019–2"]
[Site "Csongrád County"]
[Date "2019.10.20"]
[Round "2.2"]
[White "Kohari, Csongor Gaspar"]
[Black "Vizhanyo Gyomorei, Jozsef"]
[Result "0-1"]
[WhiteElo "1103"]
[BlackElo "1553"]
[PlyCount "46"]
[EventDate "2019.09.29"]
[WhiteTeam "Meritum II."]
[BlackTeam "Makó III."]

1. d4 d5 2. Bf4 Bf5 3. e3 c6 4. c3 Nd7 5. Nf3 Ngf6 6. Nbd2 h6 7. Be2 g5 8. Bg3
e6 9. O-O Be7 10. h3 Nf8 11. Ne5 Bd6 12. Ndf3 Ng6 13. Nxg6 Bxg6 14. Ne5 Ne4 15.
Nxg6 fxg6 16. Bxd6 Qxd6 17. Bd3 O-O-O 18. Bxe4 dxe4 19. Qc2 Qd5 20. c4 Qf5 21.
f3 exf3 22. Rxf3 Qxc2 23. Rf2 Qxc4 0-1

[Event "HUN Team League Csongrad Region 2019–2"]
[Site "Csongrád County"]
[Date "2019.10.20"]
[Round "2.3"]
[White "Csuri, Laszlo"]
[Black "Tatar Kis, Szabolcs"]
[Result "0-1"]
[WhiteElo "1963"]
[BlackElo "2375"]
[PlyCount "98"]
[EventDate "2019.09.29"]
[WhiteTeam "Röszke"]
[BlackTeam "Vásárhely"]

1. e4 c5 2. Nf3 Nc6 3. c3 d5 4. exd5 Qxd5 5. d4 Bg4 6. Be2 e6 7. Be3 cxd4 8.
cxd4 Nf6 9. Nc3 Bb4 10. O-O Qd6 11. a3 Ba5 12. b4 Bb6 13. Qa4 O-O 14. Rfd1 Rfd8
15. Rac1 Rac8 16. h3 Bh5 17. g4 Bg6 18. Qb3 Nd5 19. Nxd5 exd5 20. b5 Na5 21.
Qb4 Qe6 22. Ne5 Bc2 23. Rd2 Be4 24. Rxc8 Rxc8 25. Rd1 f6 26. Nd3 Nc4 27. Nf4
Qd7 28. Qb3 Kh8 29. Rc1 Nxe3 30. Rxc8+ Qxc8 31. Qxe3 Qc2 32. Bf3 Bxd4 33. Qxd4
Bxf3 34. Kh2 Qc4 35. Qe3 Qe4 36. Qxe4 Bxe4 37. Ne6 Bd3 38. Nd4 Kg8 39. Kg3 Kf7
40. Kf4 g5+ 41. Kg3 Ke7 42. h4 gxh4+ 43. Kxh4 Kd6 44. f4 Kc5 45. Ne6+ Kxb5 46.
Nc7+ Kc4 47. Ne8 b5 48. Nxf6 a5 49. f5 b4 0-1

[Event "HUN Team League Csongrad Region 2019–2"]
[Site "Csongrád County"]
[Date "2019.10.20"]
[Round "2.3"]
[White "Adok, Janos"]
[Black "Retkes, Sandor"]
[Result "1-0"]
[WhiteElo "2197"]
[BlackElo "1952"]
[PlyCount "67"]
[EventDate "2019.09.29"]
[WhiteTeam "Vásárhely"]
[BlackTeam "Röszke"]

1. Nf3 g6 2. c4 Bg7 3. d4 d6 4. Nc3 Nd7 5. b3 b6 6. Bb2 Bb7 7. e3 Ngf6 8. Qc2
e6 9. Be2 a6 10. h3 Qe7 11. O-O-O O-O-O 12. d5 e5 13. e4 Nb8 14. Kb1 Rhf8 15.
g4 h5 16. Nd2 Bh6 17. b4 Bxd2 18. Qxd2 Rh8 19. Qe3 hxg4 20. hxg4 Nh7 21. Bc1 f6
22. Qh6 Rdg8 23. Rh2 Nd7 24. Rdh1 Ndf8 25. Qh3 Kb8 26. Qf1 Bc8 27. f3 g5 28.
Be3 Ng6 29. c5 Ka7 30. cxb6+ cxb6 31. Na4 Nh4 32. Nxb6 Kb8 33. Nxc8 Rxc8 34.
Bxa6 1-0

[Event "HUN Team League Csongrad Region 2019–2"]
[Site "Csongrád County"]
[Date "2019.10.20"]
[Round "2.3"]
[White "Nagy Dani, Karoly"]
[Black "Buza, Imre"]
[Result "1-0"]
[WhiteElo "1787"]
[BlackElo "1983"]
[PlyCount "66"]
[EventDate "2019.09.29"]
[WhiteTeam "Röszke"]
[BlackTeam "Vásárhely"]

1. c4 Nf6 2. d4 g6 3. Nc3 d5 4. Nf3 Bg7 5. e3 O-O 6. Qc2 Bf5 7. Qb3 dxc4 8.
Qxb7 Nbd7 9. Bxc4 Nb6 10. Be2 Qd6 11. Qa6 Nfd7 12. Qa5 e5 13. O-O c5 14. dxe5
Nxe5 15. Nb5 Qc6 16. Nxe5 Bxe5 17. Nc3 Qc7 18. f4 Bg7 19. e4 Bd4+ 20. Kh1 Bxc3
21. Qxc3 Bxe4 22. Bf3 Bxf3 23. Qxf3 Rad8 24. f5 c4 25. Bh6 Rd3 26. Qe4 Rfd8 27.
fxg6 hxg6 28. Bg5 Rf8 29. Qh4 Nd5 30. Rac1 c3 31. bxc3 Rxc3 32. Rcd1 Rc4 33.
Qh6 f6 1-0

[Event "HUN Team League Csongrad Region 2019–2"]
[Site "Csongrád County"]
[Date "2019.10.20"]
[Round "2.3"]
[White "Markus, Molli Amina"]
[Black "Bartos, Ferenc"]
[Result "1/2-1/2"]
[WhiteElo "1614"]
[BlackElo "1705"]
[PlyCount "100"]
[EventDate "2019.09.29"]
[WhiteTeam "Vásárhely"]
[BlackTeam "Röszke"]

1. c4 f5 2. Nc3 e5 3. g3 Nf6 4. Bg2 d6 5. d3 c6 6. Nf3 Be7 7. O-O O-O 8. Rb1
Qe8 9. b4 Bd8 10. a4 Kh8 11. b5 Ba5 12. Qc2 Bxc3 13. Qxc3 c5 14. a5 a6 15. Nd2
axb5 16. cxb5 Nbd7 17. Nc4 d5 18. Nd6 Qe6 19. Nxc8 Rfxc8 20. Bb2 c4 21. dxc4
Rxc4 22. Qd2 Ne4 23. Bxe4 fxe4 24. Rfc1 d4 25. Rxc4 Qxc4 26. b6 Rf8 27. Rc1 Qg8
28. Rc7 Qe6 29. Qc2 Qd5 30. Ba3 d3 31. Qd2 Re8 32. e3 Nf6 33. Rc1 h6 34. Rc5
Qd7 35. Kg2 Qg4 36. Rc1 Qf3+ 37. Kg1 Kh7 38. Qd1 Qf5 39. Qd2 Qh3 40. Rf1 Rc8
41. Rc1 Rxc1+ 42. Bxc1 Ng4 43. f4 exf3 44. Qxd3+ Kg8 45. Qd5+ Kh8 46. Qxf3
Qxh2+ 47. Kf1 Qc2 48. Qxg4 Qxc1+ 49. Ke2 Qc2+ 50. Ke1 Qc1+ 1/2-1/2

[Event "HUN Team League Csongrad Region 2019–2"]
[Site "Csongrád County"]
[Date "2019.10.20"]
[Round "2.3"]
[White "Ver, Imre"]
[Black "Torok, Csaba"]
[Result "0-1"]
[WhiteElo "1704"]
[BlackElo "1649"]
[PlyCount "74"]
[EventDate "2019.09.29"]
[WhiteTeam "Röszke"]
[BlackTeam "Vásárhely"]

1. d4 Nf6 2. c4 g6 3. Nc3 Bg7 4. e4 O-O 5. Nf3 d6 6. Be2 e5 7. O-O exd4 8. Nxd4
Re8 9. Bf3 Nbd7 10. Bf4 Ne5 11. Bxe5 Rxe5 12. Nde2 Nd7 13. Qd2 h5 14. g3 Kh7
15. Bg2 Re8 16. Rad1 h4 17. h3 Ne5 18. b3 Bxh3 19. Qd5 Qc8 20. f3 Be6 21. Qd2
Bh6 22. Qd4 Bg7 23. Qf2 hxg3 24. Qxg3 Nc6 25. Nd5 Kg8 26. Qg5 Bxd5 27. cxd5 Ne5
28. Qg3 a5 29. a4 Rb8 30. f4 Qg4 31. Qf2 Nd7 32. Ng3 Nc5 33. Qe3 b5 34. Kh2
bxa4 35. Bh3 Qh4 36. bxa4 Rb3 37. Qg1 Nxe4 0-1

[Event "HUN Team League Csongrad Region 2019–2"]
[Site "Csongrád County"]
[Date "2019.10.20"]
[Round "2.3"]
[White "Buzas, Andras"]
[Black "Sipos, Kalman"]
[Result "0-1"]
[WhiteElo "1723"]
[BlackElo "1628"]
[PlyCount "96"]
[EventDate "2019.09.29"]
[WhiteTeam "Vásárhely"]
[BlackTeam "Röszke"]

1. Nf3 Nf6 2. b3 g6 3. Bb2 Bg7 4. d3 O-O 5. Nbd2 d5 6. c4 c5 7. cxd5 Nxd5 8.
Bxg7 Kxg7 9. Qc2 b6 10. g3 Bb7 11. Bg2 Nc6 12. O-O Kg8 13. a3 Rc8 14. Rfc1 e6
15. Nc4 Qe7 16. Qd2 Rfd8 17. h4 Qf6 18. e4 Nde7 19. e5 Qg7 20. Re1 Rc7 21. Nd6
Ba8 22. Nc4 Rcd7 23. Nb2 Nf5 24. Qf4 Ncd4 25. Nd2 Bxg2 26. Kxg2 Nc2 27. Ne4 Kh8
28. Rh1 Nxa1 29. h5 Nxb3 30. hxg6 fxg6 31. Nf6 g5 32. Qc4 Qg6 33. Qxb3 Re7 34.
Qd1 h6 35. Qe2 Kg7 36. Qe4 Nd4 37. Nh5+ Kf7 38. Qe3 Nf5 39. Qf3 Kg8 40. Nf6+
Kh8 41. Qg4 Rd4 42. Qf3 Rd8 43. Qe4 Kg7 44. Kg1 Rf7 45. Nh5+ Kh7 46. Nc4 Nd4
47. Nf6+ Rxf6 48. Qxg6+ Rxg6 0-1

[Event "HUN Team League Csongrad Region 2019–2"]
[Site "Csongrád County"]
[Date "2019.10.20"]
[Round "2.3"]
[White "Varga, Laszlo"]
[Black "Csikos, Adam"]
[Result "1/2-1/2"]
[WhiteElo "1668"]
[BlackElo "1289"]
[PlyCount "54"]
[EventDate "2019.09.29"]
[WhiteTeam "Röszke"]
[BlackTeam "Vásárhely"]

1. Nf3 Nf6 2. Nc3 e6 3. e4 c5 4. Bc4 Nc6 5. O-O Na5 6. Be2 c4 7. e5 Ng8 8. d4
d5 9. Qe1 Ne7 10. b4 cxb3 11. axb3 Nac6 12. Bg5 h6 13. Be3 Nf5 14. Bb5 Bd7 15.
Bd3 Nb4 16. Bd2 Nxd3 17. cxd3 Bb5 18. Nxb5 Qb6 19. Ra5 Rc8 20. g4 a6 21. gxf5
axb5 22. fxe6 Qxe6 23. Bb4 Qg4+ 24. Kh1 Qxf3+ 25. Kg1 Rc6 26. Bd6 Qg4+ 27. Kh1
Qf3+ 1/2-1/2

[Event "HUN Team League Csongrad Region 2019–2"]
[Site "Csongrád County"]
[Date "2019.10.20"]
[Round "2.4"]
[White "Gyugyi, Peter"]
[Black "Hajdu, Istvan"]
[Result "0-1"]
[WhiteElo "1983"]
[BlackElo "1787"]
[PlyCount "86"]
[EventDate "2019.09.29"]
[WhiteTeam "Üllés"]
[BlackTeam "Szentes II."]

1. d4 d5 2. Nf3 Nf6 3. g3 Bf5 4. Nbd2 e6 5. Nh4 Bg4 6. h3 Bh5 7. g4 Bg6 8. Nxg6
hxg6 9. Bg2 Bd6 10. e4 dxe4 11. Nxe4 Nxe4 12. Bxe4 c6 13. Be3 Nd7 14. Qd2 Qc7
15. O-O-O f5 16. gxf5 exf5 17. d5 c5 18. Bd3 f4 19. Bxg6+ Kd8 20. Qc3 Be5 21.
d6 Qb6 22. Bxc5 Qxc5 23. Qf3 Rc8 24. c3 Rh6 25. Rd5 Qb6 26. Rg1 Rc5 27. Qe4
Rxh3 28. Rd2 Rh8 29. Rgd1 Rf8 30. Qh1 Nf6 31. Qh4 Qc6 32. Qh3 Nd7 33. Kb1 Kc8
34. Qe6 b6 35. Bd3 Kb8 36. Qg6 Qc8 37. Bf1 a6 38. Bg2 Ka7 39. Qe4 Rc4 40. Qf3
g5 41. Qg4 Qd8 42. Qf3 Qc8 43. Qg4 f3 0-1

[Event "HUN Team League Csongrad Region 2019–2"]
[Site "Csongrád County"]
[Date "2019.10.20"]
[Round "2.4"]
[White "Cs. Kovacs, Laszlo"]
[Black "Gera, Mihaly"]
[Result "1/2-1/2"]
[WhiteElo "1797"]
[BlackElo "1808"]
[PlyCount "42"]
[EventDate "2019.09.29"]
[WhiteTeam "Szentes II."]
[BlackTeam "Üllés"]

1. Nf3 Nf6 2. d3 g6 3. g3 Bg7 4. Bg2 c6 5. O-O O-O 6. c3 d5 7. Bg5 Qb6 8. Qb3
Nbd7 9. d4 Re8 10. Bxf6 Bxf6 11. Nbd2 e5 12. Qxb6 axb6 13. dxe5 Nxe5 14. Nxe5
Rxe5 15. e3 Re7 16. Nf3 Bd7 17. Rfd1 Bg4 18. h3 Bxf3 19. Bxf3 h5 20. Rd2 Bg5
21. a3 Rxe3 1/2-1/2

[Event "HUN Team League Csongrad Region 2019–2"]
[Site "Csongrád County"]
[Date "2019.10.20"]
[Round "2.4"]
[White "Benke, Andras"]
[Black "Lovaszi, Szabolcs"]
[Result "1/2-1/2"]
[WhiteElo "1759"]
[BlackElo "1699"]
[PlyCount "109"]
[EventDate "2019.09.29"]
[WhiteTeam "Üllés"]
[BlackTeam "Szentes II."]

1. c4 g6 2. d4 Bg7 3. Bf4 d6 4. e3 Nf6 5. Nc3 Nc6 6. Nf3 O-O 7. Bd3 Re8 8. O-O
e5 9. dxe5 dxe5 10. Bg5 h6 11. Bxf6 Qxf6 12. Nd5 Qd6 13. Nd2 f5 14. e4 f4 15.
a3 Be6 16. b4 Bxd5 17. c5 Qf6 18. exd5 Nd4 19. Nb3 e4 20. Bc4 Kh7 21. Nxd4 Qxd4
22. Qxd4 Bxd4 23. Ra2 e3 24. fxe3 Bxe3+ 25. Kh1 a5 26. g3 g5 27. Re1 axb4 28.
axb4 Kg7 29. Kg2 Rxa2+ 30. Bxa2 Re4 31. Rb1 Rd4 32. Rb2 Bc1 33. Rb1 Ba3 34. Kf3
h5 35. Re1 g4+ 36. Kf2 Bxb4 37. Re7+ Kf6 38. Rxc7 Rd2+ 39. Kg1 Rxa2 40. gxf4
Rd2 41. d6 Rd5 42. d7 Bxc5+ 43. Rxc5 Rxd7 44. Rxh5 Rd4 45. Rb5 Rd7 46. Kg2 Rd3
47. Rg5 Rb3 48. Rxg4 Kf5 49. h3 b5 50. Kf2 b4 51. Ke2 Rxh3 52. Rg8 Kxf4 53. Kd2
Ke4 54. Rg4+ Ke5 55. Rxb4 1/2-1/2

[Event "HUN Team League Csongrad Region 2019–2"]
[Site "Csongrád County"]
[Date "2019.10.20"]
[Round "2.4"]
[White "Balatoni, Gyorgy"]
[Black "Heintz, Sebestyen"]
[Result "1/2-1/2"]
[WhiteElo "1663"]
[BlackElo "1654"]
[PlyCount "91"]
[EventDate "2019.09.29"]
[WhiteTeam "Szentes II."]
[BlackTeam "Üllés"]

1. c4 c5 2. Nf3 Nc6 3. Nc3 e6 4. g3 b6 5. Bg2 Bb7 6. O-O Nf6 7. d4 Nxd4 8. Nxd4
Bxg2 9. Kxg2 cxd4 10. Qxd4 Bc5 11. Qd3 h6 12. a3 Qc7 13. f3 O-O 14. e4 Rfd8 15.
Bf4 Qc6 16. b4 Be7 17. Rac1 a5 18. b5 Qc5 19. Nb1 Rac8 20. Rfd1 Nh5 21. Be3 Qc7
22. a4 Bb4 23. Nd2 Bc5 24. Nb3 d6 25. Qe2 e5 26. Rd3 Qe7 27. Bxc5 dxc5 28. Rcd1
Rxd3 29. Rxd3 Rd8 30. Qd2 Rxd3 31. Qxd3 Nf6 32. Kf2 h5 33. h4 Kf8 34. Nd2 Ke8
35. Nf1 Qe6 36. Kg2 Qd7 37. Qxd7+ Kxd7 38. Ne3 g6 39. Nd5 Nxd5 40. exd5 f5 41.
Kf2 Kd6 42. g4 Kd7 43. gxh5 gxh5 44. Ke3 Kd6 45. f4 e4 46. Ke2 1/2-1/2